Santa Juana
Guardat en:
| Autor principal: | |
|---|---|
| Format: | Llibre |
| Idioma: | espanyol |
| Publicat: |
Santiago
Andrés Bello
1984
|
| Col·lecció: | Club de Lectores Andrés Bello, 72
|
| Matèries: | |
| Etiquetes: |
Afegir etiqueta
Sense etiquetes, Sigues el primer a etiquetar aquest registre!
|
MARC
| LEADER | 00000cam a2200000 a 4500 | ||
|---|---|---|---|
| 001 | UCX2048 | ||
| 003 | CL-VaPUC | ||
| 008 | 910117e19840000CL |||||||||||||||||spa|d | ||
| 082 | 0 | 4 | |a 822 |b SHA |2 21 |
| 100 | 0 | |a Shaw, George Bernard |e author |9 317813 | |
| 245 | 1 | 0 | |a Santa Juana |
| 246 | 1 | 0 | |a Pigmalión |
| 300 | |a 401 p | ||
| 942 | |c BK | ||
| 945 | |d 19910117 00:00:00 | ||
| 260 | |a Santiago |b Andrés Bello |c 1984 | ||
| 600 | 0 | 7 | |a JUANA DE ARCO, SANTA |2 CL-VaPUC |9 317814 |
| 650 | 7 | |a DRAMAS IRLANDESES |2 CL-VaPUC |9 317815 | |
| 650 | 7 | |a TEATRO IRLANDES |2 CL-VaPUC |9 317816 | |
| 650 | 0 | |a Drama |9 265034 | |
| 583 | |a last modification |c 20140714 09:23:49 |k Rodrigo Vera | ||
| 490 | 0 | |a Club de Lectores Andrés Bello, 72 | |
| 999 | |c 223150 |d 223148 | ||
| 952 | |0 0 |1 0 |4 0 |6 822_000000000000000_SHA_1984 |7 0 |8 A |9 218663 |a BIBEDU |b BIBEDU |d 2019-11-15 |i 2874601 |o 822 SHA 1984 |p 2874601 |r 2019-11-15 |w 2019-11-15 |y BK |k LIT | ||
| 952 | |0 0 |1 0 |4 0 |6 822_000000000000000_SHA_1984 |7 0 |8 A |9 218664 |a BIBEDU |b BIBEDU |d 2019-11-15 |i 1425218 |o 822 SHA 1984 |p 1425218 |r 2019-11-15 |w 2019-11-15 |y BK |k LIT | ||